Statistiques concernant Petit Bac #77 - Constellations

Cliquez ici pour prendre le quiz!

Statistiques générales

  • Ce quiz a été pris 453 fois
  • Le résultat moyen est 10 sur 17

Statistiques - réponses

1ère lettreConstellation% Correct
CCaméléon / Cancer / Capricorne (Chèvre) / Carène / Cassiopée / Centaure / Céphée / Chevelure de Bérénice / Chiens de Chasse / Cocher (Erichton) / Colombe / Compas / Corbeau / Coupe / Couronne Australe / Couronne Boréale / Croix du Sud / Cygne (Croix du Nord)
94%
PPaon / Pégase / Peintre / Persée / Petit Cheval / Petit Chien / Petit Lion / Petit Renard / Petite Ourse (Ursa Minor; Petit Chariot) / Phénix / Poisson Austral / Poisson Volant / Poissons / Poupe
93%
BBalance / Baleine / Bélier (Aries) / Boussole / Bouvier / Burin
92%
SSagittaire / Scorpion / Sculpteur / Serpent / Sextant
90%
GGémeaux / Girafe / Grand Chien / Grande Ourse / Grue
89%
LLézard / Licorne / Lièvre / Lion / Loup / Lynx / Lyre
89%
VVerseau (Porteur d'Eau) / Vierge / Voiles
86%
TTable / Taureau / Téléscope / Toucan / Triangle / Triangle Austral
81%
AAigle / Andromède / Autel
59%
OOctant / Oiseau de Paradis / Ophiuchus (Serpentaire) / Orion
58%
DDauphin / Dorade / Dragon (Draco)
51%
HHercule / Horloge / Hydre / Hydre Mâle
42%
MMachine Pneumatique (Antlia) / Microscope / Mouche
19%
EEcu de Sobieski (Bouclier) / Eridan
18%
FFlèche / Fourneau
16%
IIndien (Oiseau Indien)
11%
RRègle / Réticule
11%

Distribution des résultats

Percentile par nombre de réponses

% des personnes avec chaque résultat

Votre développement - résultats

Vous n’avez pas pris ce quiz